LEADER 01231nam a2200277 4500 001 000000334052 003 CaOOAMICUS 005 20190614094150.0 008 190613s2010 sz a 000 u ita r 020 $a978-88-96799-02-4 040 $aSeMil$bita 245 10$a1: Laventina, Blenio, Riviera, Bellinzonese :$b[2004-2005]. 264 1$a[Locarno] :$bEdizioni TBL,$c2010. 300 $a99 p. :$bill. ;$c32 cm 541 $aFondo mons. Mario Delpini 700 1 $aGrampa, Pier Giacomo .$0(OLS)http://semarc/name/61413 700 1 $aAmbrosioni, Dalmazio.$0(OLS)http://semarc/name/109683 700 1 $aBallabio, Gianni.$0(OLS)http://semarc/name/109685 773 0 $tVisite pastorali Pier Giacomo Grampa vescovo diocesi di Lugano.$d[Locarno] : Edizioni TBL, 2010-2013.$g1$w()334050 850 $aSeMil 852 $aSeMil$W1$xVenegono$y1$m3B VI 43$j213573$B226261$CSeMilBibl$Z2$F226261 $81 941 1 $a7 996 $6020$a978-88-96799-02-4$9(OLS)http://semarc/number/287575 996 $6245$a1: Laventina, Blenio, Riviera, Bellinzonese :$b[2004-2005]$9(OLS)http://semarc/title/423711 996 $6264$a[Locarno] :$bEdizioni TBL$9(OLS)http://semarc/publisher/58313 LEADER 00603nas a2200157 i 4500 001 000000027061 003 CaOOAMICUS 005 20180830125447.0 008 180830n it u0 ita u 040 $aSeMil$bita 245 10$aUrbaniana. 260 $a[Genova] :$bMarietti,$c[196?] 300 $av. ;$c25 cm. 774 0 $aAertnys, Joseph $tTheologia moralis secundum doctrinam S. Alfonsi de Ligorio doctoris ecclesiae.$bEdtio 18.$d[Genova] : Marietti, 1967-1969.$g12.$w()27063 996 $6245$aUrbaniana$9(OLS)http://semarc/title/21680 996 $6260$a[Genova] :$bMarietti$9(OLS)http://semarc/publisher/30011 LEADER 01259nam a2200253 i 4500 001 000000202737 003 CaOOAMICUS 005 20151116000000.0 008 151116s2000 it u000 u ita u 013 $a181448 020 $a88-7179-275-0 040 $aSeMil$bita 245 10$aPietra dipinta :$btesori nascosti del '500 e del '600 da una collezione privata milanese /$ca cura di Marco Bona Castellotti. 260 $aMilano :$bFederico Motta,$c2000. 300 $a250 p. :$bill. ;$c30 cm. 500 $aIn testa al front.: Palazzo Reale. - Catalogo della mostra tenuta a Milano nel 2000-2001. - In custodia. 650 4$aPitture su pietra - Sec. 16.-17. - Esposizioni - Milano - 2000-2001.$0(OLS)http://semarc/subject/38128 700 1 $aBona Castellotti, Marco,$d<1948- >.$0(OLS)http://semarc/name/55608 850 $aSeMil 852 $aSeMil$W1$xVenegono$y1$m5F X 29$j153236$B153236$CSeMilBibl$Z2$F208472 $81 961 $aOmaggio: Istituto San Vincenzo 996 $6020$a88-7179-275-0$9(OLS)http://semarc/number/195744 996 $6245$aPietra dipinta :$btesori nascosti del '500 e del '600 da una collezione privata milanese$9(OLS)http://semarc/title/293455 996 $6260$aMilano :$bFederico Motta$9(OLS)http://semarc/publisher/32411 LEADER 00447nab a2200133 i 4500 001 000000313110 003 CaOOAMICUS 005 20180831173105.0 008 180831n xx uu u0 0und r 013 $a22202 040 $aSeMil$bita 245 10$aMotu Proprio (Un) sui titoli accademici in Sacra Scrittura. 773 0 $t[Gennaio-Giugno].$g436-437$w()274214 996 $6245$aMotu Proprio (Un) sui titoli accademici in Sacra Scrittura$9(OLS)http://semarc/title/387429 LEADER 01344nam a2200289 i 4500 001 000000351371 003 CaOOAMICUS 005 20250123115732.0 008 220826s2022 gw u000 u ger u 013 $a169044 020 $a978-3-451-26853-3 040 $aSeMil$bita 240 10$aBibbia. Antico Testamento. Isaia.$0(OLS)http://semarc/title/80367 245 00$aJesaja 55-66 /$cübersetzt und ausgelegt von Ulrich Berges. 264 1$aFreiburg ; Basel ; Wien :$bHerder,$c2010. 300 $a680 p. ;$c25 cm. 490 1 $aHerders theologischer Kommentar zum Alten Testament 650 4$aBibbia. Antico Testamento. Isaia - Commentari, studi, critica, interpretazioni.$0(OLS)http://semarc/subject/111 650 4$aBibbia. Antico Testamento. Isaia, 55-66.$0(OLS)http://semarc/subject/52775 700 1 $aBerges, Ulrich,$d<1958- >.$0(OLS)http://semarc/name/2585 830 0$aHerders theologischer Kommentar zum Alten Testament.$0(OLS)http://semarc/title/5798 850 $aSeMil 852 $aSeMil$W1$xVenegono$y1$m2YA B 28/6$j254026$B242436$CSeMilBibl$Z2$F242436 $81 996 $6020$a978-3-451-26853-3$9(OLS)http://semarc/number/296566 996 $6245$aJesaja 55-66$9(OLS)http://semarc/title/441151 996 $6264$aFreiburg ; Basel ; Wien :$bHerder$9(OLS)http://semarc/publisher/29643